书目信息 |
| 题名: |
马克思的再生产和流通理论
|
|
| 作者: | 牟振基 编 | |
| 分册: | ||
| 出版信息: | 长春 吉林人民出版社 1983 |
|
| 页数: | 139页 | |
| 开本: | 19cm | |
| 丛书名: | ||
| 单 册: | ||
| 中图分类: | F035 | |
| 科图分类: | ||
| 主题词: | 马克思著作研究-再生产--理论 , 再生产-马克思著作研究 , 马克思主义-流通经济学 , 流通经济学-马克思主义 , 资本主义社会--生产方式 | |
| 电子资源: | ||
| ISBN: | ||
| 000 | 00826nam0 2200289 45 | |
| 001 | 0183005968 | |
| 005 | 20040421144443.7 | |
| 010 | @dCNY0.37 | |
| 091 | @a4091.183 | |
| 100 | @a19950626d1983 emky0chiy0121 ea | |
| 101 | 0 | @achi |
| 102 | @aCN@b220000 | |
| 105 | @ay z 000yy | |
| 106 | @ar | |
| 200 | 10 | @a马克思的再生产和流通理论@Ama ke si de zai sheng chan he liu tong li lun@f牟振基编 |
| 210 | @a长春@c吉林人民出版社@d1983 | |
| 215 | @a139页@d19cm | |
| 606 | @a马克思著作研究-再生产@x理论 | |
| 606 | @a再生产-马克思著作研究 | |
| 606 | @a马克思主义-流通经济学 | |
| 606 | @a流通经济学-马克思主义 | |
| 606 | 0 | @a资本主义社会@x生产方式 |
| 690 | @aF035 | |
| 701 | 0 | @a牟振基@Amou zhen ji@4编 |
| 801 | 0 | @aCN@b上海图书馆@c20040421 |
| 801 | 2 | @aCN@bNLC@c20040421 |
| 905 | @f1@b90555@dF035@e17@b90557-559@f3 | |
| 马克思的再生产和流通理论/牟振基编.-长春:吉林人民出版社,1983 |
| 139页;19cm |
| ISBN :CNY0.37 |
| ● |
| 相关链接 |
|
|
|
|
正题名:马克思的再生产和流通理论
索取号:F035/17
 
预约/预借
| 序号 | 登录号 | 条形码 | 馆藏地/架位号 | 状态 | 备注 |
| 1 | 0090553 | 001609986 | 密集书库/ [索取号:F035/17] | 在馆 | |
| 2 | 0090554 | 001609968 | 密集书库/ [索取号:F035/17] | 在馆 | |
| 3 | 0090555 | 001270145 | 第一借阅区/ [索取号:F035/17] | 在馆 | |
| 4 | 0090556 | 001609995 | 密集书库/ [索取号:F035/17] | 在馆 | |
| 5 | 0090557 | 001270136 | 第一样本阅览室/ [索取号:F035/17] | 在馆 | |
| 6 | 0090558 | 001270127 | 密集书库/ [索取号:F035/17] | 在馆 | |
| 7 | 0090559 | 001270118 | 密集书库/ [索取号:F035/17] | 在馆 | |
| 8 | 0090560 | 001610000 | 密集书库/ [索取号:F035/17] | 在馆 |